[Event "RSA Inter Regional-ch"]
[Site "Boksburg"]
[Date "2018.01.09"]
[Round "2.1"]
[White "Ristovich, Dmitar S"]
[Black "Oatlhotse, Providence"]
[Result "1/2-1/2"]
[WhiteElo "2026"]
[BlackElo "2200"]
[PlyCount "55"]
[EventDate "2018.01.09"]
[EventType "team-swiss"]
[EventRounds "7"]
[EventCountry "RSA"]
[SourceTitle "CBM 189 Extra"]
[Source "ChessBase"]
[SourceDate "2019.05.31"]
[SourceVersion "1"]
[SourceVersionDate "2019.05.31"]
[SourceQuality "1"]
[WhiteTeam "Tshwane Chess II"]
[BlackTeam "West Rand Young Minds"]
[WhiteTeamCountry "RSA"]
[BlackTeamCountry "RSA"]

1. d4 Nf6 2. c4 c5 3. d5 g6 4. Nc3 Bg7 5. e4 0-0 6. h3 b5 7. cxb5 a6 8. a4 Qa5 9. Bd2 d6 10. Bd3 e6 11. Nge2 axb5 12. Bxb5 Qd8 13. 0-0 exd5 14. exd5 Bb7 15. Bg5 h6 16. Bh4 Na6 17. Qb3 Nb4 18. Rfd1 g5 19. Bg3 Bc8 20. Nc1 Nh5 21. Nd3 g4 22. Nxb4 cxb4 23. Ne4 Nxg3 24. Nxg3 gxh3 25. Qxb4 Qf6 26. a5 h2+ 27. Kxh2 Qxf2 28. Qxd6 1/2-1/2

[Event "Johannesburg PSS Capablanca-A"]
[Site "Johannesburg"]
[Date "2017.04.26"]
[Round "1"]
[White "Van Zyl Rudd, Jack"]
[Black "Ristovich, Dmitar S"]
[Result "1-0"]
[WhiteElo "2075"]
[BlackElo "2015"]
[PlyCount "69"]
[EventDate "2017.04.26"]
[EventType "tourn"]
[EventRounds "9"]
[EventCountry "RSA"]
[SourceTitle "CBM 178 Extra"]
[Source "ChessBase"]
[SourceDate "2017.06.22"]
[SourceVersion "1"]
[SourceVersionDate "2017.06.22"]
[SourceQuality "1"]

1. d4 Nf6 2. c4 c5 3. d5 e5 4. Nc3 d6 5. e4 Be7 6. Nf3 Nbd7 7. Be2 a6 8. Qc2 Nf8 9. 0-0 Ng6 10. Ne1 h5 11. Nd3 Bd7 12. b4 cxb4 13. Nxb4 h4 14. Nd3 Nh5 15. Bxh5 Rxh5 16. Qe2 Rh7 17. f4 exf4 18. Bxf4 Nxf4 19. Nxf4 Bf6 20. e5 Bxe5 21. Nd3 f6 22. c5 Qe7 23. Nxe5 dxe5 24. Qe3 Rd8 25. Rab1 Bc8 26. Ne4 Rxd5 27. Nd6+ Rxd6 28. cxd6 Qxd6 29. Rfd1 Qe6 30. Rbc1 g5 31. Qd3 Qb6+ 32. Kh1 Qe6 33. Qe2 Bd7 34. Rc7 e4 35. Qe3 1-0

[Event "RSA-chT Regions"]
[Site "Cape Town"]
[Date "2016.01.10"]
[Round "7.4"]
[White "Lekalakalae, Malusi"]
[Black "Ristovich, Dmitar S"]
[Result "1/2-1/2"]
[WhiteElo "1708"]
[BlackElo "2022"]
[PlyCount "41"]
[EventDate "2016.01.08"]
[EventType "team-swiss"]
[EventRounds "7"]
[EventCountry "RSA"]
[SourceTitle "CBM 170 Extra"]
[Source "ChessBase"]
[SourceDate "2016.02.25"]
[SourceVersion "1"]
[SourceVersionDate "2016.02.25"]
[SourceQuality "1"]
[WhiteTeam "Tshwane White"]
[BlackTeam "Tshwane"]
[WhiteTeamCountry "RSA"]
[BlackTeamCountry "RSA"]

1. e4 c6 2. d4 d5 3. exd5 cxd5 4. Bd3 Nc6 5. c3 Nf6 6. Nf3 Bg4 7. Bf4 e6 8. Nbd2 Be7 9. Qb3 Qc8 10. Ne5 Bh5 11. h3 Bg6 12. Nxg6 hxg6 13. Qc2 0-0 14. g4 b5 15. a3 a6 16. Nf3 Qb7 17. 0-0 Rfc8 18. Qe2 Na5 19. Bxg6 fxg6 20. Qxe6+ Kh8 21. Ne5 1/2-1/2

[Event "Pretoria Waterkloof op"]
[Site "Pretoria"]
[Date "2015.03.08"]
[Round "6"]
[White "Masango, Spencer"]
[Black "Ristovich, Dmitar S"]
[Result "1-0"]
[WhiteElo "2136"]
[BlackElo "1933"]
[PlyCount "95"]
[EventDate "2015.03.05"]
[EventType "swiss"]
[EventRounds "6"]
[EventCountry "RSA"]
[SourceTitle "CBM 165 Extra"]
[Source "ChessBase"]
[SourceDate "2015.04.21"]
[SourceVersion "1"]
[SourceVersionDate "2015.04.21"]
[SourceQuality "1"]

1. Nf3 c5 2. g3 Nc6 3. c4 e5 4. Nc3 f5 5. d3 Nf6 6. Bg2 g6 7. 0-0 Bg7 8. a3 0-0 9. Rb1 d6 10. b4 h6 11. Ne1 Qc7 12. Nc2 Be6 13. Ne3 cxb4 14. axb4 Ne7 15. Qa4 f4 16. Nc2 g5 17. b5 Nd7 18. Ba3 Nc5 19. Bxc5 dxc5 20. Qb3 e4 21. Nxe4 b6 22. Nd2 Rad8 23. Rbe1 Qd7 24. Qa3 Be5 25. Nf3 Bf6 26. Nd2 Be5 27. Nf3 Bf6 28. gxf4 gxf4 29. Kh1 Kh8 30. Rg1 Rg8 31. Qc1 Ng6 32. Rd1 Qd6 33. Nd2 Qe5 34. Ne4 Bg7 35. Ne1 Nh4 36. Nf3 Qh5 37. Qxf4 Ng6 38. Qe3 Bf5 39. Ng3 Qg4 40. h3 Qf4 41. Qxf4 Nxf4 42. Nxf5 Bf8 43. Ne5 Re8 44. Nf7+ Kh7 45. Be4 Rxg1+ 46. Rxg1 Rxe4 47. dxe4 Nxh3 48. Kg2 1-0

[Event "Pretoria Waterkloof op"]
[Site "Pretoria"]
[Date "2014.02.27"]
[Round "2"]
[White "Ristovich, Dmitar S"]
[Black "Makoto, Rodwell"]
[Result "1-0"]
[WhiteElo "1897"]
[BlackElo "2287"]
[PlyCount "121"]
[EventDate "2014.02.26"]
[EventType "swiss"]
[EventRounds "7"]
[EventCountry "RSA"]
[SourceTitle "EXT 2015"]
[Source "ChessBase"]
[SourceDate "2014.11.20"]
[SourceVersion "1"]
[SourceVersionDate "2014.11.20"]
[SourceQuality "1"]

1. d4 Nf6 2. c4 e6 3. g3 d5 4. Nf3 dxc4 5. Bg2 Bb4+ 6. Bd2 a5 7. Bxb4 axb4 8. Ne5 0-0 9. 0-0 Nc6 10. Nxc6 bxc6 11. Bxc6 Ra6 12. Bb5 Rd6 13. Qa4 Rxd4 14. Qxb4 Qd5 15. Nc3 Qh5 16. f3 c5 17. Qa3 Qe5 18. Rae1 h5 19. e3 Rd2 20. Rf2 Rdd8 21. Bxc4 h4 22. Ne2 Bb7 23. Qc3 Ng4 24. fxg4 Qe4 25. Kf1 Qh1+ 26. Ng1 h3 27. Qe5 Bg2+ 28. Ke2 Rd7 29. Nxh3 Rfd8 30. Qc3 Bf3+ 31. Rxf3 Rd2+ 32. Qxd2 Rxd2+ 33. Kxd2 Qxf3 34. Nf4 Qxg4 35. b3 e5 36. Nd3 Qh5 37. Re2 e4 38. Nf4 Qe5 39. a4 g5 40. Ng2 Qb2+ 41. Ke1 Qc3+ 42. Kf2 Kg7 43. h4 f6 44. hxg5 fxg5 45. Ra2 Qa5 46. Bd5 Kf6 47. Bxe4 Ke5 48. Bd3 Qd8 49. Bc4 Qf6+ 50. Kg1 Qf3 51. Rd2 Qxg3 52. a5 Qh3 53. a6 Qh7 54. e4 Qg7 55. Bd5 Qa7 56. Bc4 Qg7 57. Ra2 Qa7 58. Rf2 Kxe4 59. Rf7 Qb6 60. Re7+ Kf5 61. Ne3+ 1-0

[Event "Pretoria Waterkloof op"]
[Site "Pretoria"]
[Date "2014.02.26"]
[Round "1"]
[White "Hercules, Benjamin Vincent"]
[Black "Ristovich, Dmitar S"]
[Result "1-0"]
[WhiteElo "2105"]
[BlackElo "1897"]
[PlyCount "71"]
[EventDate "2014.02.26"]
[EventType "swiss"]
[EventRounds "7"]
[EventCountry "RSA"]
[SourceTitle "EXT 2015"]
[Source "ChessBase"]
[SourceDate "2014.11.20"]
[SourceVersion "1"]
[SourceVersionDate "2014.11.20"]
[SourceQuality "1"]

1. e4 d6 2. d4 Nf6 3. Nc3 e5 4. Nf3 exd4 5. Nxd4 Be7 6. Bc4 0-0 7. 0-0 Nc6 8. Nxc6 bxc6 9. Re1 Nd7 10. b3 Bf6 11. Bb2 Re8 12. Bf1 Nc5 13. Qf3 Ne6 14. Nd1 Nd4 15. Qd3 c5 16. c3 Nc6 17. Ne3 Ne5 18. Qc2 Qd7 19. Rad1 Bb7 20. h3 Bc6 21. c4 Qc8 22. Nd5 Bd8 23. f4 Nd7 24. Bd3 Bh4 25. Qc3 Bf6 26. Nxf6+ Nxf6 27. e5 dxe5 28. fxe5 Nd7 29. Bf5 Re6 30. Bxe6 fxe6 31. Rf1 Qe8 32. Qg3 Qh5 33. Qg4 Qe8 34. Rf2 Nf8 35. Rdf1 Ng6 36. h4 1-0

[Event "SRB Central-ch op-A 5th"]
[Site "Paracin"]
[Date "2012.07.09"]
[Round "4"]
[White "Ratkovic, Milovan"]
[Black "Ristovich, Dmitar S"]
[Result "1-0"]
[WhiteElo "2214"]
[BlackElo "1916"]
[PlyCount "63"]
[EventDate "2012.07.06"]
[EventType "swiss"]
[EventRounds "9"]
[EventCountry "SRB"]
[SourceTitle "CBM 149 Extra"]
[Source "ChessBase"]
[SourceDate "2012.08.24"]
[SourceVersion "1"]
[SourceVersionDate "2012.08.24"]
[SourceQuality "1"]

1. d4 Nf6 2. Nf3 g6 3. c4 Bg7 4. Nc3 d5 5. Qa4+ c6 6. cxd5 Nxd5 7. e4 Nxc3 8. bxc3 0-0 9. Be2 c5 10. 0-0 Nc6 11. Be3 Qc7 12. Rfd1 b6 13. dxc5 bxc5 14. Bxc5 Ne5 15. Bd4 Nxf3+ 16. Bxf3 e5 17. Be3 Be6 18. Rac1 Qc4 19. Qxc4 Bxc4 20. Rc2 Rfc8 21. h3 Bf8 22. Bg4 Rc7 23. f4 Bc5 24. Bxc5 Rxc5 25. f5 a5 26. Bf3 a4 27. g4 g5 28. h4 h6 29. Rd6 Kg7 30. hxg5 hxg5 31. Rh2 Rh8 32. f6+ 1-0